Central Library OPAC University of Rajshahi

Teach yourself physical fitness / (Record no. 50109)

MARC details
000 -LEADER
fixed length control field 00798nam a2200277 a 4500
001 - CONTROL NUMBER
control field 50109
003 - CONTROL NUMBER IDENTIFIER
rucl marc code BD-RJUL
005 - DATE AND TIME OF LATEST TRANSACTION
control field 20211209075447.0
008 - FIXED-LENGTH DATA ELEMENTS--GENERAL INFORMATION
fixed length control field 160823s1963 enka 001 0 eng d
035 ## - SYSTEM CONTROL NUMBER
System control number (BD-RJUL)
040 ## - CATALOGING SOURCE
Original cataloging agency GZH
Transcribing agency GZH
Modifying agency UKM
-- BD-RJUL
Language of cataloging eng
041 ## - LANGUAGE CODE
Language code of text/sound track or separate title eng
082 ## - DEWEY DECIMAL CLASSIFICATION NUMBER
Classification number 613.7
Edition number 23
Author mark and year BAT 1963
096 ## - LOCALLY ASSIGNED NLM-TYPE CALL NUMBER (OCLC)
Classification number RA 776 B32
100 10 - MAIN ENTRY--PERSONAL NAME
Personal name Batten, Lindsey W.
Dates associated with a name 1889-1981
9 (RLIN) 150172
245 10 - TITLE STATEMENT
Title Teach yourself physical fitness /
Statement of responsibility, etc. Lindsey W. Batten
260 ## - PUBLICATION, DISTRIBUTION, ETC. (IMPRINT)
Place of publication, distribution, etc. London :
Name of publisher, distributor, etc. English Universities Press,
Date of publication, distribution, etc. c1963
300 ## - PHYSICAL DESCRIPTION
Pagination 118 p. :
Illustrations ill. ;
Size 18 cm.
490 ## - SERIES STATEMENT
Series statement Teach yourself books.
500 ## - GENERAL NOTE
General note Include index
650 #0 - SUBJECT ADDED ENTRY--TOPICAL TERM
Topical term or geographic name as entry element Physical fitness
9 (RLIN) 150173
Topical term or geographic name as entry element Hygiene
9 (RLIN) 141678
830 #0 - SERIES ADDED ENTRY--UNIFORM TITLE
Uniform title Teach yourself books.
942 ## - ADDED ENTRY ELEMENTS (KOHA)
Source of classification or shelving scheme Dewey Decimal Classification
Koha item type Books
Holdings
Lost status Source of classification or shelving scheme Damaged status Not for loan Collection code Permanent Location Current Location Shelving location Date acquired Source of acquisition Cost, normal purchase price Total Checkouts Full call number Date last seen Copy number Koha item type
  Dewey Decimal Classification     Non-fiction Central Library, University of Rajshahi Central Library, University of Rajshahi   20/10/1970 Zeitlinger 6.00   613.7 BAT 1963 23/08/2016 C-2 Books